|
|
|
|
| LEADER |
01239nam a22002777a 4500 |
| 001 |
39599 |
| 003 |
BD-DhAAL |
| 008 |
221016t2020 bg ||||| b||| 00| 0aben d |
| 999 |
|
|
|c 44963
|d 44963
|
| 020 |
|
|
|a 9840759671
|
| 040 |
|
|
|a BD-DhAAL
|c BD-DhAAL
|
| 041 |
|
|
|a ben
|
| 082 |
|
|
|a 192
|
| 100 |
|
|
|a পপার, কার্ল
|9 51854
|
| 245 |
|
|
|a অন্তহীন অন্বেষণ /
|c কার্ল পপার ; অনুবাদ আমিনুল ইসলাম ভুইয়া
|
| 246 |
|
|
|a Unended quest
|
| 260 |
|
|
|a ঢাকা :
|b বাংলা একাডেমী,
|c ২০২০.
|
| 300 |
|
|
|a [ষোলো], ২৩২ পৃষ্ঠা ;
|c ২২ সে.মি.
|
| 541 |
|
|
|a Donated By Akbar Ali Khan
|e 39599
|
| 600 |
|
|
|a Popper, Karl R.
|q (Karl Raimund),
|d 1902-1994.
|9 51855
|
| 650 |
|
|
|a Knowledge, Theory of
|x History.
|9 51856
|
| 650 |
|
|
|a Science
|x Philosophy
|x History.
|9 51857
|
| 700 |
|
|
|a ভুইয়া, আমিনুল ইসলাম
|9 51858
|
| 852 |
|
|
|a Ayesha Abed Library
|c Akbar Ali Khan Collection
|
| 942 |
|
|
|2 ddc
|c BK
|
| 952 |
|
|
|0 0
|1 0
|2 ddc
|4 0
|6 192_000000000000000_POP
|7 1
|9 72085
|a BRACUL
|b BRACUL
|c CS1
|d 2022-10-16
|e Donated by Akbar Ali Khan
|l 0
|o 192 POP
|p 3010039599
|r 2022-10-16
|t 1
|w 2022-10-16
|y BK
|